00490nam a2200193 a 4500001001300000003000900013005001700022008004100039020001000080082001600090100002000106245004100126260002800167300000800195500003500203505002200238650001600260700002000276nice12345678IN_TiNIC20260116011755.0050524s0000 dela grp 000 0 urd  ac10000a297.93bKAU aKaukab-E-, Hind aDaur-E-Bahai and Other Bahai Tracts. aDelhibKaral Baghc0000 a23p aincludes index and biblioraphy2 aVarious Documents aBahai Faith1 aKaukab-E-, Hind